Statistiques concernant Trouvez les prénoms des personnages Harry Potter

Cliquez ici pour prendre le quiz!

Statistiques générales

  • Ce quiz a été pris 2 817 fois
  • Le résultat moyen est 40 sur 52

Statistiques - réponses

NuméroNom de FamilleRéponse% Correct
1PotterHarry
100%
2WeasleyRon
100%
5MalefoyDrago
99%
3GrangerHermione
99%
9DumbledoreAlbus
98%
6LovegoodLuna
98%
4LondubatNeville
98%
8OmbrageDolores
96%
10McGonagallMinerva
96%
11RogueSeverus
96%
28JedusorTom
93%
36DiggoryCedric
92%
18PetigrowPeter
92%
39ChangCho
91%
35DelacourFleur
91%
19LupinRemus
90%
20HagridRubeus
90%
7TonksNymphadora
87%
50SerpentardSalazar
87%
34KrumViktor
87%
49GryffondorGodric
85%
47GeignardeMimi
84%
37ThomasDean
83%
32SkeeterRita
83%
40DuboisOlivier
82%
51SerdaigleRowena
82%
52PoufsouffleHelga
81%
33KarkarofIgor
80%
38FiniganSeamus
80%
12FlitwickFilius
79%
16TrelawneySybille
79%
22CrabbeVincent
78%
42JordanLee
77%
21RusardArgus
75%
41CriveyColin
74%
29FudgeCornelius
73%
15ChouravePomona
73%
23GoyleGregory
71%
25GreybackFenrir
61%
24GrindelwaldGellert
61%
14BibineRenée
61%
13PomfreshPoppy
60%
43McLagenCormac
57%
26RocadeStanley
51%
45DolohovAntonin
49%
27DogeElphias
47%
31PeverellIgnotus
45%
30CrouptonBartemius
43%
48GauntElvis
42%
46ParkinsonPansy
40%
17QuirellQuirinus
31%
44BulstrodeMillicent
26%

Distribution des résultats

Percentile par nombre de réponses

% des personnes avec chaque résultat

Votre développement - résultats

Vous n’avez pas pris ce quiz